Lingua
English
Deutsch
Español
Français
Italiano
日本語
Nederlands
Português
Português (Brasil)
中文(简体)
中文(繁體)
Türkçe
עברית
Gaeilge
Cymraeg
Ελληνικά
Català
Euskara
Русский
Čeština
Suomi
Svenska
polski
Dansk
slovenščina
اللغة العربية
বাংলা
Galego
Tiếng Việt
Hrvatski
हिंदी
Հայերէն
Українська
Tutti i Campi
Titolo
Autore
Soggetto
ISBN/ISSN
Tag
Identificatore
Cerca
Avanzata
Vol. 105, № 28; Journal of Phy...
Citazione
Invia SMS
Invia email
Stampa
Esporta il record
Esporta a RefWorks
Esporta a EndNoteWeb
Esporta a EndNote
PLink permanente
Esportazione completata correttamente —
Vol. 105, № 28; Journal of Physical Chemistry. Ser. A
Dettagli Bibliografici
Parent link:
Journal of Physical Chemistry. Ser. A: journal/ The American Chemical Society. Vol. 105, № 28.— , 1997-2002.— 1089-5639
Lingua:
inglese
Pubblicazione:
2001
Natura:
MixedMaterials
Libro
KOHA link:
https://koha.lib.tpu.ru/cgi-bin/koha/opac-detail.pl?biblionumber=552622
Posseduto
Descrizione
Documenti analoghi
MARC21
MARC
LEADER
00000nam2a2200000 4500
001
552622
005
20231101121109.0
035
|a
(RuTPU)RU\TPU\prd\246396
035
|a
RU\TPU\prd\246364
090
|a
552622
100
|a
20151127a19979999k y0engy50 ba
101
0
|a
eng
102
|a
US
200
0
|a
Vol. 105, № 28
210
|d
2001
461
1
|0
(RuTPU)RU\TPU\prd\510
|x
1089-5639
|t
Journal of Physical Chemistry. Ser. A
|o
journal
|f
The American Chemical Society
|v
Vol. 105, № 28
|d
1997-2002
801
0
|a
RU
|b
63413507
|c
20010227
|g
PSBO
801
1
|a
RU
|b
63413507
|c
20080423
|g
PSBO
801
2
|a
RU
|b
63413507
|c
20151127
|g
PSBO
942
|c
BK
999
|a
НТБ_ТПУ
|b
НФ
|e
-14/20150112
|p
П-277
|u
0,00
|v
1
Documenti analoghi
Vol. 105, № 28; Journal of Physical Chemistry. Ser. B
Pubblicazione: (2001)
Vol. 105, № 2; Journal of Physical Chemistry. Ser. A
Pubblicazione: (2001)
Vol. 105, № 3; Journal of Physical Chemistry. Ser. A
Pubblicazione: (2001)
Vol. 105, № 4; Journal of Physical Chemistry. Ser. A
Pubblicazione: (2001)
Vol. 105, № 5; Journal of Physical Chemistry. Ser. A
Pubblicazione: (2001)